| 000 | 00938nam a22002537a 4500 | ||
|---|---|---|---|
| 005 | 20240530110401.0 | ||
| 008 | 150120s2008 le o a 000 j ara d | ||
| 020 | _a9789953281017 | ||
| 040 | _aEG-CaGPL | ||
| 041 | 1 |
_aara _hfre |
|
| 082 | 0 | 4 |
_221 _a503 _bط/ ع م |
| 100 | 1 | _aفرانكو ، كاتى | |
| 245 | 1 | 2 |
_aالموسوعة المصورة الكبرى : _bالصحارى لاطلاع الاولاد عليها / _cكاتى فرانكو ؛ تعريب جوزف منصور |
| 250 | _aط1 | ||
| 260 |
_aبيروت : _bدار عويدات للنشر و التوزيع ، _c2008 |
||
| 650 | 0 | 4 | _aكتب الاطفال |
| 650 | 0 | 4 | _aثقافة الاطفال |
| 650 | 0 | 4 |
_aالصحارى _vدوائر معارف |
| 650 | 0 | 4 | _aالصحارى الامريكية |
| 650 | 0 | 4 | _aالصحارى الافريقية |
| 700 | 0 |
_aجوزف منصور _eمترجم |
|
| 942 |
_2ddc _cBK |
||
| 999 |
_c60260 _d60260 |
||